A guide to research and publication ethics / (Record no. 2920)

000 -LEADER
fixed length control field 00671nam a2200241 a 4500
006 - FIXED-LENGTH DATA ELEMENTS--ADDITIONAL MATERIAL CHARACTERISTICS--GENERAL INFORMATION
fixed length control field a||||gr|||| 001 0
007 - PHYSICAL DESCRIPTION FIXED FIELD--GENERAL INFORMATION
fixed length control field ta
008 - FIXED-LENGTH DATA ELEMENTS--GENERAL INFORMATION
fixed length control field 240528t2022 ii a gr 001 0 eng|d
020 ## - INTERNATIONAL STANDARD BOOK NUMBER
International Standard Book Number 9789391012212 (pbk)
Terms of availability Rs. 225.00
040 ## - CATALOGING SOURCE
Original cataloging agency IMU Kochi Library
Language of cataloging eng
041 0# - LANGUAGE CODE
Language code of text/sound track or separate title eng
044 ## - COUNTRY OF PUBLISHING/PRODUCING ENTITY CODE
MARC country code India
082 04 - DEWEY DECIMAL CLASSIFICATION NUMBER
Classification number 001.4
Item number R2129
Edition number 23
100 1# - MAIN ENTRY--PERSONAL NAME
Personal name Ray, Partha Pratim
245 20 - TITLE STATEMENT
Title A guide to research and publication ethics /
260 ## - PUBLICATION, DISTRIBUTION, ETC. (IMPRINT)
Place of publication, distribution, etc New Delhi :
Name of publisher, distributor, etc New Delhi Publications ,
Date of publication, distribution, etc 2022
300 ## - PHYSICAL DESCRIPTION
Extent 140 p. :
Other physical details ill. ;
Dimensions 23 cm
650 #0 - SUBJECT ADDED ENTRY--TOPICAL TERM
Topical term or geographic name as entry element Research
Form subdivision Textbooks
650 #0 - SUBJECT ADDED ENTRY--TOPICAL TERM
Topical term or geographic name as entry element Research
General subdivision Moral and ethical aspects
Form subdivision Textbooks
852 ## - LOCATION/CALL NUMBER
Location IMU Kochi Library
904 ## - LOCAL DATA ELEMENT D, LDD (RLIN)
CATALOGER Akhil Bose
942 ## - ADDED ENTRY ELEMENTS (KOHA)
Item type Books
Holdings
Withdrawn status Lost status Source of classification or shelving scheme Damaged status Not for loan Collection code Permanent location Current location Shelving location Date acquired Source of acquisition Cost, normal purchase price Total Checkouts Full call number Barcode Date last seen Date last borrowed Koha item type Public note Total Renewals
          Non-fiction IMU Kochi Library IMU Kochi Library General Stacks 2024-05-28 M/S Apex Book Services (Inv. No. ABS/23-24/082 Dt. 2024-03-30) 225.00 5 001.4 R2129 BK006602 2025-03-22 2025-03-22 Books Gen. Shelf-1, Row-1  
          Non-fiction IMU Kochi Library IMU Kochi Library General Stacks 2024-05-28 M/S Apex Book Services (Inv. No. ABS/23-24/082 Dt. 2024-03-30) 225.00 2 001.4 R2129 BK006603 2024-12-19 2024-11-13 Books Gen. Shelf-1, Row-1 4


Copyright © All Rights Reserved by Indian Maritime University, Kochi Campus.
For any Suggestions/Query Contact to library or Email: library.kochi@imu.ac.in Ph:(0484)-2989402
(Web OPAC Designed by Rudra Ranjan. Maintained by IMU Kochi Library)

Powered by Koha